000 00371cam a2200157ua 4500
041 _aeng
_h
082 _a828.09
_bALL/JO
100 _aAllen, Walter .
245 _aJoyce Cary /
_cWalter Allen.
_hTextual Documents
250 _a1 /
_b.
260 _aLondon :
_bLongman Green and Co ,
_c1963.
300 _a34 ; .
504 _a
942 _cBK
999 _c6697
_d6697